Ramón Carande (Record no. 16431)
[ view plain ]
| 000 -LEADER | |
|---|---|
| campo de control de longitud fija | 00878nam a2200241 i 4500 |
| 001 - NÚMERO DE CONTROL | |
| campo de control | 16431 |
| 003 - IDENTIFICADOR DE NÚMERO DE CONTROL | |
| campo de control | ES-MaACL |
| 005 - FECHA Y HORA DE LA ÚLTIMA TRANSACCIÓN | |
| campo de control | 20240506183303.0 |
| 007 - CAMPO FIJO DE DESCRIPCIÓN FÍSICA--INFORMACIÓN GENERAL | |
| campo de control de longitud fija | t| |
| 008 - DATOS DE LONGITUD FIJA--INFORMACIÓN GENERAL | |
| campo de control de longitud fija | 000920s1991 sp ||||1| spa d |
| 080 ## - NÚMERO DE LA CLASIFICACIÓN DECIMAL UNIVERSAL | |
| Número de la Clasificación Decimal Universal | 929 Carande, Ramón (064.3) |
| 245 00 - MENCIÓN DEL TÍTULO | |
| Título | Ramón Carande |
| Resto del título | : vida y obra / |
| Mención de responsabilidad, etc. | [textos del catálogo: Bernardo Carande, Julio Caro Baroja]. |
| 260 ## - PUBLICACIÓN, DISTRIBUCIÓN, ETC. | |
| Lugar de publicación, distribución, etc. | Badajoz : |
| Nombre del editor, distribuidor, etc. | Junta de Extremadura, Consejería de Educación y Cultura, |
| Fecha de publicación, distribución, etc. | [1991] |
| 300 ## - DESCRIPCIÓN FÍSICA | |
| Extensión | 69 p. : |
| Otras características físicas | il. ; |
| Dimensiones | 29 cm. |
| 600 14 - PUNTO DE ACCESO ADICIONAL DE MATERIA--NOMBRE DE PERSONA | |
| Nombre de persona | Carande, Ramón- |
| Subdivisión de forma | Exposiciones. |
| 9 (RLIN) | 34953 |
| 655 #7 - TERMINO DE INDIZACIÓN--GENERO/FORMA | |
| Fuente del término | tgfbne |
| 9 (RLIN) | 193628 |
| Datos o término principal de género/forma | Catálogos de exposiciones |
| 700 1# - ENTRADA AGREGADA--NOMBRE PERSONAL | |
| Nombre de persona | Caro Baroja, Julio, |
| Fechas asociadas al nombre | 1914-1995 |
| 9 (RLIN) | 35403 |
| 700 0# - ENTRADA AGREGADA--NOMBRE PERSONAL | |
| Nombre de persona | Carande, Bernardo Víctor, |
| Fechas asociadas al nombre | 1932-2005 |
| 9 (RLIN) | 34950 |
| 710 1# - ENTRADA AGREGADA--NOMBRE DE ENTIDAD CORPORATIVA | |
| Nombre de entidad corporativa o nombre de jurisdicción como elemento de entrada | Extremadura. |
| Unidad subordinada | Consejería de Educación y Cultura. |
| 9 (RLIN) | 4053 |
| 852 ## - LOCALIZACIÓN | |
| Ubicación | ES-MaACL |
| Número de control de estantería | G-2178 |
| Sublocalización o colección | R.120024 |
| 942 ## - ELEMENTOS DE ENTRADA SECUNDARIOS (KOHA) | |
| Fuente del sistema de clasificación o colocación | Clasificación decimal universal |
| Estatus retirado | Estado de pérdida | Estado de daño | No para préstamo | Biblioteca de origen | Biblioteca actual | Ubicación en estantería | Fecha de adquisición | Fuente de adquisición | Total de préstamos | Signatura topográfica completa | Código de barras | Visto por última vez | Precio de reemplazo | Tipo de ítem Koha |
|---|---|---|---|---|---|---|---|---|---|---|---|---|---|---|
| Biblioteca del Ateneo de Madrid | Biblioteca del Ateneo de Madrid | Depósito 2 | 17/01/2008 | G-2178 | 1016693 | 23/02/2023 | 23/02/2023 | Libro impreso |
